000 00408 a2200169 4500
001 74237
020 _a85-7056-817-7
040 _cAnchieta - Colégio São Paulo
100 _aCampos, Raymundo
240 1 0 _aViagem ao nascimento de uma nação
_lpor
245 1 0 _aViagem ao nascimento de uma nação
300 _a80
362 0 _a1996
440 1 _aAtual
650 4 _aHistória do mundo
942 _cBK
999 _c74237
_d74237